| 000 | 01370nam a2200301 a 4500 | ||
|---|---|---|---|
| 001 | BRCA_4949 | ||
| 005 | 20190320204855.0 | ||
| 008 | 221010s1700----sp-######v---#000-0#spa-# | ||
| 041 | _aspa | ||
| 044 | _asp | ||
| 084 |
_aDOC50 _b.D63 _c1700 |
||
| 245 | 1 | 0 |
_aDocumento firmado por el Rey Carlos III _cCarlos III. |
| 260 |
_aMadrid _c1700 |
||
| 300 |
_a[3] fojas _c30 x 21 cm |
||
| 500 | _aDocumento firmado el 11 de abril de 1700 en San Lorenzo el Real | ||
| 500 | _aComunicación dirigida a los oficiales reales de la Real Hacienda de la Ciudad de México con el breve de su Santidad e instrucción que se dá en la cobranza del subsidio vitalicio para que en la parte que les toca, den de su execusión y cumplimiento. | ||
| 500 | _a[Real cédula] firmada como ´Yo el Rey´ | ||
| 500 | _aEl documento tiene la leyenda DOC. #60 | ||
| 500 | _aPapel con marca de agua | ||
| 500 | _aEstado de conservación: Contiene manchas de acidificación y roturas | ||
| 506 | 0 | _aFondo reservado: para su consulta es necesario credencial de usuario y carta de motivos | |
| 546 | _aTexto en: español del siglo XVIII | ||
| 600 | 1 | 4 |
_aCarlos _bII, _cRey de España _d1661-1700 _912578 |
| 651 | 4 |
_aEspaña _vManuscrito _xHistoria _yCasa de Austria, 1516-1700 _912579 |
|
| 651 | 4 |
_aMéxico _vManuscrito _xHistoria _yColonia, 1521-1821 _912580 |
|
| 902 | _aFDH | ||
| 942 |
_2lcc _cD |
||
| 999 |
_c4643 _d4643 |
||